Evaluación de drenaje pluvial y diseño de un sistema de drenaje urbano sostenible SDUS en los barrios Alcides Meza, Mildred Centeno y Triunfo de la Revolución en la ciudad de Condega, departamento de Estelí
Presenta la evaluación de los puntos críticos de inundaciones en base a la información proporcionada por la población, la alcaldía y la interpretación cartográfica para la localización de los sitios con más riesgo así como las determinación de los caudales que drenan hacia los puntos crí...
| Main Author: | |
|---|---|
| Other Authors: | |
| Format: | Tesis Section = Libro |
| Language: | Undetermined Spanish |
| Published: |
Managua
UNI
2017
|
| Subjects: |
| LEADER | 01240nam a2200253Ia 4500 | ||
|---|---|---|---|
| 008 | 240830s9999 xx 000 0 und d | ||
| 040 | |a BIBLIOTECA-RUPAP Mon 628.21 C265 | ||
| 041 | |a spa | ||
| 082 | |a Mon 628.21 C265 | ||
| 100 | 1 | |a Jorge Enoc Cárcamo Córdoba | |
| 245 | 1 | 0 | |a Evaluación de drenaje pluvial y diseño de un sistema de drenaje urbano sostenible SDUS en los barrios Alcides Meza, Mildred Centeno y Triunfo de la Revolución en la ciudad de Condega, departamento de Estelí |
| 260 | |a Managua |b UNI |c 2017 | ||
| 300 | |a 84 p. :il. | ||
| 500 | |a Contiene anexos y CD | ||
| 502 | |a Tesis (Ingeniero Civil)- UNI, 2017. | ||
| 520 | 3 | |a Presenta la evaluación de los puntos críticos de inundaciones en base a la información proporcionada por la población, la alcaldía y la interpretación cartográfica para la localización de los sitios con más riesgo así como las determinación de los caudales que drenan hacia los puntos críticos y el diseño de un sistema de drenaje pluvial urbano SDUS. | |
| 650 | 7 | |a DRENAJE | |
| 650 | 7 | |b DRENAJES PLUVIALES | |
| 650 | 7 | |c DRENAJE URBANO | |
| 650 | 7 | |d INUNDAVIONES | |
| 700 | 1 | |a Tutor: |b Zelaya, Mario Castellón | |
| 942 | |c BK |2 ddc | ||
| 991 | |a TESIS | ||
| 999 | |c 16349 | ||